Name the chess tactics - Statistics

General Stats
  • This quiz has been taken 24 times
  • The average score is 8 of 14
Answer Stats
Hint Answer % Correct
(F) When you attack two or more pieces at the same time Fork
100%
(P) When a lower value piece is behind a higher value piece Pin
76%
(S) When a higher value piece is behind a lower value piece Skewer
67%
(T) When a piece has nowhere to move Trapped piece
67%
(Z) When a player is forced to move and it just worsens their position Zugzwang
67%
(H) When a piece has no protection Hanging piece
57%
(P) When a pawn has no opposing pawn and can only br stopped by other pieces Passed pawn
57%
(U) When you promote to a Rook,knight or bishop it is usually done to avoid stalemates Underpromotion
57%
(B) When two or more pieces are lined up on the same rank or diagonal Battery
52%
(D) When a piece is trapped so it has to do maximum damage before it gets captured Desperado
52%
(O) When a piece is guarding 2 or more pieces from getting attacked and if one is taken then the other loses protection Overloading
48%
(D) When you remove a defender without capturing it Deflection/Decoy
38%
(R) When you remove a piece than guards a certain square Removing the defender
24%
(A) When you give a check to the king without the piece having any defenders to get a checkmate or get a better position Attraction
19%
No matching quizzes found
Score Distribution
Percent of People with Each Score
Percentile by Number Answered
Your Score History
You have not taken this quiz